Zásada zákazu zneužitia práva v deliktných vzťahoch

Zásada zákazu zneužitia práva ako osobitného prípadu konania v rozpore s dobrými mravmi v deliktnom práve. Dobré mravy ako metaprávny korektív v deliktnom práve. Šikanózny výklad práva a jeho práve následky.

Gespeichert in:
Bibliographische Detailangaben
1. Verfasser: Novotná, Marianna
Format: Buchkapitel
Sprache:Slowakisch
Schlagworte:
Tags: Tag hinzufügen
Keine Tags, Fügen Sie das erste Tag hinzu!

MARC

LEADER 00000naa a2200000 4500
001 0259761
005 20191120095225.1
041 0 |a slo 
044 |a SK 
245 1 0 |a Zásada zákazu zneužitia práva v deliktných vzťahoch  |c Marianna Novotná 
520 |a Zásada zákazu zneužitia práva ako osobitného prípadu konania v rozpore s dobrými mravmi v deliktnom práve. Dobré mravy ako metaprávny korektív v deliktnom práve. Šikanózny výklad práva a jeho práve následky. 
610 2 0 |a právo občianske 
610 2 0 |a zákonník občiansky 
610 2 0 |a zodpovednosť za škody 
610 2 0 |a dobré mravy 
100 1 |a Novotná, Marianna